000 00187 a2200097 4500
001 25875
100 _aPhilip
245 _aRelief Globe
260 _a
_bPhilips
_c
090 _c17493
_d17493
942 _aNUST-CAE
_cM
_c8328
999 _c260948
_d260948